Tory które gościły zawody F1 - Statystyki

Ogólne statystyki
  • Ten quiz został rozwiązany 216 razy
  • Średni wynik to 27 z 73
Statystyki odpowiedzi
Grand Prix ostatni rok toru w F1 ilość występów Tor % Poprawnych
Hiszpanii 2020 30 Circuit de Barcelona-Catalunya
87%
Włoch/Emilia Romagna/San Marino 2020 28 Autodromo Internazionale Enzo e Dino Ferrari
84%
Włoch 2020 70 Autodromo Nazionale Monza
84%
Monako 2019 66 Circuit de Monaco
84%
Belgii 2020 53 Circuit de Spa-Francorchamps
84%
Wielkiej Brytanii/70-lecia F1 2020 55 Silverstone Circuit
83%
Japonii 2019 31 Suzuka Circuit
81%
Austrii/Styrii 2020 33 Red Bull Ring
78%
Węgier 2020 35 Hungaroring
77%
Stanów Zjednoczonych 2019 8 Circuit of the Americas
76%
Rosji 2020 7 Sochi Autodrom
75%
Australii 2019 24 Albert Park Circuit
71%
Europy/Azerbejdżanu 2019 4 Baku City Circuit
71%
Bahrajnu/Sakhir 2020 17 Bahrain International Circuit
70%
Turcji 2020 8 Istanbul Park
69%
Niemiec/Europy/Eifela/Luksemburgu 2020 41 Nürburgring
67%
Indianapolis 500/Stanów Zjednoczonych 2007 19 Indianapolis Motor Speedway
65%
Kanady 2019 40 Circuit Gilles Villeneuve
64%
Abu Zabi 2020 12 Yas Marina Circuit
64%
Europy 2012 5 Valencia Street Circuit
62%
Francji 2019 16 Circuit Paul Ricard
60%
Brazylii/Sao Paulo (2021) 2020 37 Interlagos circuit
58%
Chin 2019 16 Shanghai International Circuit
57%
Holandii 1985 30 Circuit Park Zandvoort
55%
Meksyku 2019 20 Autódromo Hermanos Rodríguez
54%
Niemiec 2019 37 Hockenheimring
51%
Toskanii 2020 1 Mugello Circuit
49%
Japonii 2008 4 Fuji Speedway
48%
Singapuru 2019 12 Marina Bay Street Circuit
48%
Malezji 2017 19 Sepang International Circuit
46%
Detroit 1988 7 Detroit Street Circuit
40%
Dallas 1984 1 Dallas Grand Prix Circuit
38%
Portugalii 2020 1 Algarve International Circuit
32%
Hiszpanii/Europy 1997 7 Circuito de Jerez
32%
RPA 1993 20 Kyalami Racing Circuit
29%
Portugalii 1996 13 Autódromo do Estoril
27%
Francji 1967 1 Bugatti Circuit
27%
Australii 1995 11 Adelaide Street Circuit
25%
Belgii 1984 10 Circuit Zolder
25%
Francji 2008 18 Circuit de Nevers Magny-Cours
24%
Pescary 1957 1 Pescara Circuit
22%
Korei 2013 4 Korea International Circuit
21%
Argentyny 1998 20 Autódromo Juan y Oscar Gálvez
19%
Wielkiej Brytanii/Europy 1986 14 Brands Hatch
19%
Europy 1993 1 Donington Park
19%
Indii 2013 3 Buddh International Circuit
16%
Stanów Zjednoczonych - zachód 1983 8 Long Beach Street Circuit
16%
Stanów Zjednoczonych 1980 20 Watkins Glen
16%
Caesars Palace 1982 2 Caesars Palace Grand Prix Circuit
15%
Niemiec 1959 1 AVUS
14%
Francji/Szwajcarii 1984 6 Dijon-Prenois
12%
Pacyfiku 1995 2 Okayama International Circuit
11%
Brazylii 1989 10 Autódromo Internacional Nelson Piquet
10%
Stanów Zjednoczonych 1991 3 Phoenix Street Circuit
10%
Francji 1966 11 Reims-Gueux
10%
Stanów Zjednoczonych 1959 1 Sebring International Raceway
10%
Szwecji 1978 6 Scandinavian Raceway
9%
Hiszpanii 1981 9 Circuito del Jarama
8%
Kanady 1977 8 Mosport International Raceway
7%
Maroka 1958 1 Ain-Diab Circuit
6%
Szwajcarii 1954 5 Circuit Bremgarten
6%
Austrii 1964 1 Zeltweg Airfield
6%
Wielkiej Brytanii 1962 5 Aintree Motor Racing Circuit
5%
Portugalii 1960 2 Circuito da Boavista
5%
Hiszpanii 1975 4 Montjuïc circuit
5%
Stanów Zjednoczonych 1960 1 Riverside International Raceway
5%
Kanady 1970 2 Circuit Mont-Tremblant
4%
Belgii 1974 2 Nivelles-Baulers
4%
RPA 1965 3 Prince George Circuit
4%
Francji 1968 5 Rouen-Les-Essarts
4%
Francji 1972 4 Charade Circuit
3%
Portugalii 1959 1 Circuito de Monsanto
3%
Hiszpanii 1954 2 Pedralbes Circuit
3%
Nie znaleziono quizów pasujących do podanych kryteriów
Rozkład punktacji
Procent ludzi z każdym wynikiem
Percentyl według liczby udzielonych odpowiedzi
Twoja historia wyników
Nie rozwiązałeś tego quizu